al-Qurʼān wa-al-ṭabāʼiʻ al-nafsīyah, (Record no. 49957)

MARC details
000 -LEADER
fixed length control field 01021cam a22002651 4500
001 - CONTROL NUMBER
control field ne 68000194
003 - CONTROL NUMBER IDENTIFIER
control field DLC
005 - DATE AND TIME OF LATEST TRANSACTION
control field 20260227111836.0
008 - FIXED-LENGTH DATA ELEMENTS--GENERAL INFORMATION
fixed length control field 900710s1966 ua b 000 0 arar
010 ## - LIBRARY OF CONGRESS CONTROL NUMBER
LC control number ne 68000194
025 ## - OVERSEAS ACQUISITION NUMBER
Overseas acquisition number PL480:UAR-8684
035 ## - SYSTEM CONTROL NUMBER
System control number (OCoLC)21985158
040 ## - CATALOGING SOURCE
Original cataloging agency DLC
Transcribing agency WaU
Modifying agency WaU
-- DLC
042 ## - AUTHENTICATION CODE
Authentication code premarc
050 00 - LIBRARY OF CONGRESS CALL NUMBER
Classification number BP134.M3
Item number I4
100 1# - MAIN ENTRY--PERSONAL NAME
Personal name ʻAmmārī, ʻAlī Muḥammad Ḥasan.
245 13 - TITLE STATEMENT
Title al-Qurʼān wa-al-ṭabāʼiʻ al-nafsīyah,
Statement of responsibility, etc. taʼlīf ʻAlī Muḥammad Ḥasan al-ʻImārī.
260 ## - PUBLICATION, DISTRIBUTION, ETC.
Place of publication, distribution, etc. [al-Qāhirah]
Date of publication, distribution, etc. 1966.
300 ## - PHYSICAL DESCRIPTION
Extent 244 p.
Dimensions 24 cm.
440 #1 - SERIES STATEMENT/ADDED ENTRY--TITLE
Title Majlis al-Aʻlá lil-shuʼūn al-Islāmīyah. al-Lajnah al-ʻĀmmah lil-Qurʼān wa-al-Sunnah. al-Kitāb,
Volume/sequential designation 2
500 ## - GENERAL NOTE
General note On cover: Lajnat al-Qurʼān wa-al-Ḥadīth
504 ## - BIBLIOGRAPHY, ETC. NOTE
Bibliography, etc. note Bibliographical footnotes.
650 #0 - SUBJECT ADDED ENTRY--TOPICAL TERM
Topical term or geographic name entry element Theological anthropology
General subdivision Islam
810 1# - SERIES ADDED ENTRY--CORPORATE NAME
Corporate name or jurisdiction name as entry element United Arab Republic.
Subordinate unit al-Majlis al-Aʻlā lil-Shuʼūn al-Islāmīyah.
-- al-Lajnah al-ʻĀmmah lil-Qurʼān wa-al-Sunnah.
Title of a work Kitāb ;
Volume/sequential designation 2.

No items available.

Powered by Koha